Normal view
MARC view
Entry Personal Name
001 - CONTROL NUMBER
- control field: 51465
003 - CONTROL NUMBER IDENTIFIER
- control field: dpl
005 - DATE AND TIME OF LATEST TRANSACTION
- control field: 20120824124936.0
008 - FIXED-LENGTH DATA ELEMENTS
- fixed length control field: 120824|||a|||||| | ||| d
040 ## - CATALOGING SOURCE
- Original cataloging agency: dpl
- Transcribing agency: dpl
100 ## - HEADING--PERSONAL NAME
- Personal name: Sainath, P.
670 ## - SOURCE DATA FOUND
- Source citation: Work cat.: (dpl)69116: Sainath, P., Everybody loves a good drought;, 2012
670 ## - SOURCE DATA FOUND
- Source citation: Work cat.: (dpl)69116: Sainath, P., Everybody loves a good drought;, 2012
